[Event "World-ch Tournament"]
[Site "Mexico City"]
[Date "2007.09.23"]
[Round "9"]
[White "Grischuk, Alexander"]
[Black "Gelfand, Boris"]
[Result "1-0"]
[WhiteElo "2726"]
[BlackElo "2733"]
[Annotator "Marin,M"]
[PlyCount "121"]
[EventDate "2007.09.13"]
[EventType "tourn"]
[EventRounds "14"]
[EventCountry "MEX"]
[EventCategory "21"]
[SourceTitle "CBM 120"]
[Source "ChessBase"]
[SourceDate "2007.10.02"]
[SourceVersion "1"]
[SourceVersionDate "2007.10.02"]
[SourceQuality "1"]

1. d4 {Earlier in this tournament, Gelfand has successfully defended Black's
point of view in the Petroff three times already. Grischuk wisely decided to
change the background. Durante este Campeonato, Gelfand había defendido con
éxito el punto de vista delas negras en la defensa Rusa nada menos que en 3
ocasiones. Logicamente, Grischuk decide cambíar el paisaje.} Nf6 2. c4 e6 3.
Nc3 Bb4 4. Nf3 c5 5. g3 {Also logical. During his relatively short career as a
1.d4 player, Grischuk has played the Catalan a couple of times, and not
without success. From this point of view, his desire to develop the king's
bishop to g2 in the Nimzo-Indian, too, looks understandable.} cxd4 6. Nxd4 O-O
7. Bg2 d5 8. cxd5 Nxd5 9. Qb3 {This variation is almost universally played
nowadays.} Qa5 10. Bd2 Nc6 11. Nxc6 bxc6 12. O-O Bxc3 13. bxc3 Ba6 14. Rfd1 Qc5
15. e4 Bc4 16. Qa4 Nb6 17. Qb4 Qh5 18. Bf4 {The position is very slightly more
pleasant for White, but most of the games in which this variation was played
ended in draws. Black has a normal development, but experiences some
micro-problems. Now, he needs to establish some communication between his
queen and the rest of the pieces. La posición es microscopicamente más
agradable para las blancas, pero en práctica la mayoría de las partidas en las
cuales se había jugado esta variante acabaron en tablas. Las negras tienen un
desarrollo normal, pero quedan con unos micro-problemas de coordinación. En
este momento, tienen que encontrar una forma de abrir la comunicación entre su
dama y el resto del ejército.} ({The main alternative is} 18. Be3 {, which was
tried at the highest imaginable level in Kasparov,G (2851)-Anand,V (2769)/Wijk
aan Zee 2000/CBM 075/[Wells] (1/2-1/2, 56)}) 18... Be2 ({Grischuk happened to
be on the black side in the first game in which 18.Bf4 was played:} 18... c5
19. Qb2 e5 {Bacrot,E (2715)-Grischuk,A (2710)/Poikovsky 2005/CBM 106/[Gavrikov]
(1-0, 61). Apparently, he felt that Black's task is not that easy and decided
to put Gelfand to a similar test.}) ({The other pawn move played here is} 18...
e5 19. Be3 {Once the connection between the black queen and the queenside has
been cut off, the bishop returns on this diagonal.} Be2 20. Re1 Nc4 21. Qc5
Rfd8 22. Rab1 h6 {It might seem that Black enjoys excellent stability for his
pieces, affording to make such prophylactical moves. However, the sensation of
comfort is only an illusion, as proven by the next move.} 23. h3 $1 {Suddenly,
3 of Black's pieces are in danger because of the threat g4.} Nxe3 24. Qxe3 Bc4
25. a4 {In the absence of the queen, the black queenside is vulnerable to such
simple actions as the advance of the a-pawn, with the idea of occupying the
b7-square with a rook.} a5 {Preventing White's plan, but weakening the
queenside even more.} 26. Qc5 Be6 27. h4 {Finally, Black has provoked a small
weakness in White's kingside, but the queen has the same problems with finding
a way to join the rest of the army.} Rd2 $1 ({Black has to counterattack at
any cost.} 27... Rdc8 {would be too passive.}) 28. Qxc6 Rc8 29. Qb5 Rxc3 30.
Qxa5 Rcc2 31. Qa7 Ra2 32. Ra1 {It seems that White has good possibilities to
advance his extra-pawn, because the f2-pawn is defended.} Qe2 $5 {This must
have come as a shock. Psychologically, it means the failure of White's plan to
keep the enemy queen out of play, but objectively White is very much OK still.}
33. Rxe2 $6 (33. Rf1 $1 {and Black has no obvious way to continue his attack.
Maybe best would have been} Kh7 {avoiding back rank checks (Qb8+ - xe5) and
passing to White the responsability of finding a constructive plan.}) 33...
Rxa1+ 34. Kh2 Rxe2 {Najer,E (2648)-Jakovenko,D (2671)/Moscow 2006/CBM 116 (0-1,
50). and Black's material advantage as well as the passivity of the g2-bishop
leave White struggling already.}) 19. Re1 c5 ({After the intermediate bishop
move,} 19... e5 $2 {loses a pawn to} 20. Bxe5 $1) 20. Qb3 e5 21. Bc1 $1 {
Necessary prophylaxis.} ({The more natural} 21. Be3 {allows the activation of
the knight with} Nc4 {when} 22. Rxe2 $2 Qxe2 23. Bf1 {is met by} Qb2 $1 {
[%csl Ga1]}) 21... Rac8 ({Now, after} 21... Nc4 $2 22. Rxe2 Qxe2 23. Bf1 $18 {
, the b2-square is protected.}) 22. a4 {We are familiar to this method of
queenside attack from the game Najer-Jakovenko.} Bc4 23. Qb2 Qg6 24. a5 Nd7 25.
Rd1 Qc6 {The queen is back in the game, but meanwhile the knight has occupied
an unfavourable square. We can state that Black's micro-problems persist. La
damaha vuelto en el juego, pero mientras tanto el caballo ha sido forxado a
ocupar una casilla incómoda. Podemos apreciar que la micro-ventaja de las
blancas persiste.} 26. Bh3 Be6 {My feeling is that in this phase of the game
Gelfand was too open to simplifications, a policy that will eventually lead to
an unpleasant ending.} ({Here, he could have maintained some tension with} 
26... Rc7 27. Be3 Nf6 {when the practically forced weakening move} 28. f3 {
leads to a more double edged situation with queens on the board. Black could
choose the right moment to retreat with his bishop to e6.}) 27. Bxe6 Qxe6 28.
Be3 Rc7 29. Qa2 Qxa2 $6 ({Here, too, avoiding the exchange with} 29... c4 {
was an important alternative. Although the bishop's pressure against the
a7-pawn is quite worrying, things could eventually happen on the white
kingside, too.}) 30. Rxa2 Nf6 31. f3 Rfc8 (31... Rb8 {would not have prevented
no hubiera prevenido} 32. Rb2 $1 {anyway. en absoluto.}) 32. Rb2 {The knight
has reached a stable square, but White maintains the better prospects because
of his control over both open files. By contrast,Black's rooks are doubled
behind his own c-pawn. El caballo ha alcanzado una casilla estable, pero las
blancas mantienen na posición más activa, por el control de ambas columnas
abiertas. Por contraste, las torres negras están dobladas detrás del peón
proprío de c5.} Kf8 33. Kf2 Ke7 ({Maybe it would have made some sense to
prevent the exchange of the knight with} 33... h6 $5 {, when the d5-square
would not have been available for the white rooks.}) 34. Bg5 h6 35. Bxf6+ Kxf6
36. Rd6+ Ke7 37. Rd5 f6 38. Ke3 g5 39. c4 Rc6 40. Rb5 {In the absence of any
minor pieces, White has a stable advantage, because Black is reduced to
complete passivity.} Ke6 41. f4 {In order to increase his advantage, White
needs to open a new front of action. Para aumentar su ventaja, las blancas
necesitan abrir un nuevo frente de lucha.} R6c7 42. Kf3 h5 {Preventing the
king's infiltration to h5, but weakening his own kingside structure.} 43. Ke3
gxf4+ {At first sight, this looks like a premature release of the tension, but
Gelfand probably hoped for some kingside counterplay at some moment.} ({
In fact, Black seems to be in some sort of zugzwang. The only reasonable move
with a piece is} 43... Rc6 {, when White is at crossroads.} 44. Rb1 {looks
better, threatening fxe5 followed by Rf1-f5.} (44. fxe5 {is a premature
release of the tension.} fxe5 45. Rb2 Ra6 $1 (45... Rf8 46. Rb7 $16) 46. Rf2
Rxa5 47. Rf5 Ra3+ 48. Kd2 Rb8 {and Black has powerful counterplay, forcing
White to force a draw by perpetual.}) 44... Ra6 {The only active possibility,
but Black's counterplay will fail by one tempo.} 45. f5+ $1 Ke7 46. Rb7+ Kf8
47. Rh7 Kg8 48. Rxh5 {Clearing the g4-square for the king.} Rxa5 49. Kf3 $1 {
Just in time to avoid being cut off along the 3rd rank.} Ra3+ 50. Kg4 Re3 51.
Rh6 Rxe4+ 52. Kh5 {Black is in a dangerous situation.} Rd4 {is the only way to
keep fighting, but White can ignore the tension in the centre.} 53. Rxf6 g4 (
53... Rxd5 $2 54. cxd5 c4 55. Rc6 $1 $18) 54. Rxe5 {with a strong, probably
decisive, attack.}) 44. gxf4 h4 45. f5+ Kf7 46. Kf3 Kg7 47. Rb1 $6 {Neglecting
the king's activation.} ({Grischuk might have worried that his king would be
in danger if he captures the h4-pawn. His fears were only partly justified.} 
47. Kg4 $1 Kh7 48. Rd6 $1 ({Only not} 48. Kxh4 $4 Rg7 $1 {[%csl Gh4][%cal
Yc8h8,Yh7g8]}) 48... Rg7+ 49. Kh3 $1 {Simplest. The h4-pawn acts as an
umbrella for the king.} ({The courageous} 49. Kh5 {is also possible, for if}
Rh8 {, then} 50. Rxf6 Kg8+ 51. Rh6 $18) 49... Rf7 50. a6 $16 {[%cal Yb5b7]}
Rcc7 51. Rb8 $18) 47... Kh6 48. Rd6 Rc6 49. Re6 ({Grischuk intends to clear
the f5-square for his king. This plan will be crowned by success only after
Gelfand's mistake on the 53rd move.} 49. Rd2 $5 {would have maintained the
tension.}) 49... Rxe6 50. fxe6 Re8 51. Rb7 Rxe6 52. Rxa7 Rd6 53. a6 $2 {
The same mistake, with the difference that here it lets White's advantage slip
away.} (53. Kg4 $1 Kg6 54. Ra8 {Black is helpless against the advance of the
a-pawn to a7.} Rd4 {This counterplay will fail by just one tempo.} ({Passive
defence would not save the game:} 54... Rc6 55. a6 Kg7 56. a7 Ra6 57. Kxh4 Ra1
58. Kg4 Ra6 59. h4 Ra1 60. h5 Ra2 61. h6+ Kh7 62. Kf5 Ra6 63. Re8 $1 Rxa7 64.
Kxf6 $1 $18) 55. a6 Rxe4+ 56. Kf3 Rf4+ 57. Ke3 Kf5 58. Rg8 $1 (58. a7 $2 Re4+
59. Kf3 Rf4+ $11 60. Kg2 $2 Rg4+ 61. Kh3 Rg7 $17) 58... Re4+ 59. Kf3 Rf4+ 60.
Kg2 $18) 53... h3 $2 ({Gelfand had been under constant pressure for a long
time and, just when he was relatively close to a draw, his nerves finally
cracked. He should have prevented the activation of the enemy king with} 53...
Kg5 {when} 54. Rg7+ Kh6 55. a7 {is not dangerous becauseof} Ra6 56. Rb7 Kg5 {
and White cannot make progress.}) 54. Kg4 Rd3 55. Ra8 Kg7 56. Kf5 Rd6 57. Ra7+
Kh6 58. Rf7 {Offering a simplification to a won pawn ending. Ofreciendo una
simplificación hacía un final de peones ganado.} Rd2 59. a7 Rf2+ 60. Ke6 Ra2
61. Kxf6 {Black is paralyzed and will lose most of his pawns. Las negras están
paralizadas y perderán la mayoría de sus peones.} 1-0

[Event "World-ch Tournament"]
[Site "Mexico City"]
[Date "2007.09.25"]
[Round "11"]
[White "Grischuk, Alexander"]
[Black "Kramnik, Vladimir"]
[Result "1/2-1/2"]
[WhiteElo "2726"]
[BlackElo "2769"]
[Annotator "Marin,M"]
[PlyCount "25"]
[EventDate "2007.09.13"]
[EventType "tourn"]
[EventRounds "14"]
[EventCountry "MEX"]
[EventCategory "21"]
[SourceTitle "CBM 120"]
[Source "ChessBase"]
[SourceDate "2007.10.02"]
[SourceVersion "1"]
[SourceVersionDate "2007.10.02"]
[SourceQuality "1"]

1. e4 {Grischuk switches back to his main weapon, although in Mexico he has
been by far more successfull with 1.d4.} e5 2. Nf3 Nf6 3. d4 {Not so
frequently played at top level these days.} Nxe4 4. Bd3 d5 5. Nxe5 Nd7 6. Nc3
Nxc3 7. bxc3 Nxe5 8. dxe5 Be7 {White advanced e-pawn and the open b-file
offers him attacking chances on both wings. However, in the absence of knights,
Black's defensive possibilities are quite high.} 9. Qh5 {Played before castles,
this move puts more pressure on Black.} (9. O-O {is less dangerous.} O-O 10.
Qh5 (10. Rb1 c6 11. f4 f5 12. Be3 b5 13. Kh1 Be6 $11 {Asrian,K (2646)
-Nalbandian,T (2524)/Yerevan 2006/CBM 112 (1/2-1/2, 41) In this blocked
position, Black has absolutely nothing to fear.}) 10... g6 11. Qf3 Be6 12. Rb1
Rb8 13. Bh6 Re8 14. Qg3 Qd7 15. Kh1 c6 16. f4 Bf5 $11 {Asrian,K (2646)
-Erenburg,S (2554)/Sochi 2006/CBM 111 ext (1/2-1/2, 42) and White's attacking
chances are very problematic, while strategically Black is OK.}) 9... Be6 10.
Rb1 (10. f4 {1/2-1/2 Dolmatov,S (2588)-Mamedyarov,S (2522)/Moscow 2002/CBM 088/
[Huzman] (36)}) 10... Qd7 {[%csl Gh5][%cal Ye6g4]} 11. Bg5 ({The other way to
parry the threat is also interesting.} 11. h3 b6 12. O-O g6 13. Qh6 Bf8 14. Qf4
Be7 15. Qh6 Bf8 16. Qh4 Be7 17. Bg5 Bxg5 18. Qxg5 Qe7 (18... O-O $5 19. f4 Qd8
20. Qg3 Kh8 (20... f5 21. exf6 Qxf6 22. f5 $1) 21. f5 gxf5 22. Bxf5 Rg8 23. Qf4
Qg5 $11) 19. Bb5+ (19. Qh6 O-O-O) (19. Qg3 O-O 20. f4 Kh8 21. Rbe1 f5 $11)
19... Bd7 20. Bxd7+ Qxd7 21. f4 (21. Rbd1 $5) 21... Qf5 {Sutovsky,E (2629)
-Roiz,M (2605)/Gibraltar 2007/CBM 116 ext (1-0, 53). and Black was close to
equality.}) 11... c6 $146 ({An important improvement over the careless} 11...
O-O-O $2 {which unexpectedely allows a forced win:} 12. Bb5 $1 {Apparently
pointless.} c6 13. Ba6 $3 Bg4 (13... bxa6 {loses to} 14. Qe2 $18 {. We can
feel here the significance of White's advantage of space, resulting into a
high mobility of his pieces (the queen).}) 14. Qxf7 Bxg5 15. Rxb7 Qxf7 16.
Rxf7+ Kb8 17. O-O Bc8 (17... Rd7 18. Rb1+ Ka8 (18... Kc7 19. Rb7+ Kd8 20.
Rfxd7+ Bxd7 21. Rb8+ $18) 19. Bb7+ Kb8 20. Bxc6+ Kc7 21. Bxd7 Bxd7 22. e6 $18)
18. Rb1+ Ka8 19. Bxc8 Rxc8 20. Rbb7 Rce8 21. Rxa7+ Kb8 22. Rfb7+ Kc8 23. Rxg7
Kb8 24. g3 Bd2 25. Rgb7+ Kc8 26. Rc7+ Kb8 27. Rcb7+ Kc8 28. Rf7 Kb8 29. Rab7+
Ka8 30. Ra7+ Kb8 31. Rab7+ Ka8 32. Rbc7 Bxc3 33. f4 $16 {Sutovsky,E (2637)
-Sakaev,K (2633)/Dresden 2007/CBM 118 (1-0, 55)}) 12. O-O Bxg5 13. Qxg5 {
Nothing really breathtaking, with the exception of the speed with which all
these moves were played. Nada realmente espectacular, con excepción de la
rapidez con la cual fueron efectuadas estas jugadas.} (13. Qxg5 O-O 14. f4 h6 (
14... f6 15. exf6 (15. Qh4 Bf5 $11) 15... Rxf6 16. f5 Bf7 17. Rb4 $36 {[%cal
Yb4g4]}) 15. Qh5 Bg4 16. Qh4 Bf5 17. Rf3 f6 $11) 1/2-1/2

[Event "World-ch Tournament"]
[Site "Mexico City"]
[Date "2007.09.29"]
[Round "14"]
[White "Svidler, Peter"]
[Black "Grischuk, Alexander"]
[Result "1-0"]
[WhiteElo "2735"]
[BlackElo "2726"]
[Annotator "Marin,M"]
[PlyCount "83"]
[EventDate "2007.09.13"]
[EventType "tourn"]
[EventRounds "14"]
[EventCountry "MEX"]
[EventCategory "21"]
[SourceTitle "CBM 120"]
[Source "ChessBase"]
[SourceDate "2007.10.02"]
[SourceVersion "1"]
[SourceVersionDate "2007.10.02"]
[SourceQuality "1"]

1. e4 c5 2. Nf3 d6 3. d4 cxd4 4. Nxd4 Nf6 5. Nc3 a6 6. Be3 Ng4 7. Bg5 h6 8. Bh4
g5 9. Bg3 Bg7 10. h3 Ne5 11. Nf5 Bxf5 12. exf5 Nbc6 13. Nd5 e6 14. fxe6 fxe6
15. Ne3 Qa5+ 16. c3 Nf3+ {In San Luis, Topalov managed to surprize and defeat
Svidler with this slightly exotic variation. Grischuk's decision to repeat the
experiment looks a bit risky, because Svidler had obviously analyzed the
position himself, disposing over the invaluable advantage of having faced the
variation in a practical game. En San Luis, Topalov sorprendió y... venció a
Svidler con esta variante algo exótica. La decisión de Svidler de repetir el
experimento parece bastante arriesgada, porque está claro ya que Svidler había
analizado la posición atentamente, disponiendo de la inestimable ventaja de
haberse confrontado con la posición en una partida práctica.} 17. Qxf3 Bxc3+
18. Kd1 Qa4+ 19. Nc2 Bxb2 20. Rc1 $5 ({Here comes the novelty! The
aforementioned game went !Esta es la novedad de Svidler. La partida
anteriormente citada continuó con} 20. Qb3 Qxb3 21. axb3 Bxa1 22. Nxa1 Ke7 {
and White's pieces were more passive than in the present game. y las figuras
de las blancas quedaron más pásivas que en la presente partida.}) 20... Bxc1
21. Qf6 Kd7 ({Another possibility would be Otra posibilidad sería} 21... Bb2
22. Qxb2 e5 {, but after , pero después de} 23. Bd3 {White's position looks
preferable anyway. la posición de las blancas parece preferible de toda forma.}
) 22. Kxc1 Qxa2 ({I suppose that this move was not so much dictated by
grediness as by the concern about the e6-square. However, the developing move
Supongo que esta jugada no fue causada tanto por avaricia, como por los
temores conectados con la vulnerabilidad de la casilla de e6. Sin embargo,
puede que la jugada normal de desarrollo} 22... Rac8 {might have offered
better chances for counterplay. hubiera asegurado mejores posibilidades de
obtener contrajuego adecuado.}) 23. Bd3 Rac8 24. Rd1 {White has completed his
development (true, not in a very ortodox way) and is the first to create
strong threats against the enemy king. Las blancas han completado su
desarrollo (es verdad, de una forma poco ortodoja) y será el primero en crear
amenazas contra el rey enemigo.} d5 ({For instance, the tempting Po ejemplo,
la tentadora} 24... Nb4 $2 {, threatening mate in two, loses to , amenazando
mate en dos, perdería por} 25. Bb5+ $1 {followed by Rxd6+. seguido por Rxd6.})
25. Bf5 Rhe8 26. Qf7+ Kd8 {It might seem that Black has defended and can think
about finally launching his counterplay against the c2-knight. Parece como que
las negras se han defendido y pueden pensar ya en lanzar su contrajuego contra
el caballo de c2.} 27. Re1 $3 {A very strong move, increasing the pressure
against the e6-pawn. Una fortisima jugada, incrementando la presión sobre el
peón de e6.} Qa3+ ({The simplifications initiated by this move will not bring
Black any relief, but it is hard to suggest an improvement. The key point is
that Black is still slow with his counterplay. For instance, Las
simplificaciones no traerán ningún alivio para las negras, pero tampoco es
fácil recomendar una mejora. Lo esencíal es que el contrajuego de las negras
sigue siendo demasiado lento. Por ejemplo,} 27... Nd4 $2 {loses the knight to
pedería el caballo por} 28. Qf6+) ({while mientras que después de} 27... Nb4 {
allows an attack with checks: las blancas atacarían con una seríe de jaques:}
28. Qf6+ Re7 29. Qf8+ Kd7 30. Bxe6+ Rxe6 31. Qf7+ Kd8 32. Qg8+ $1) 28. Nxa3
Ne5+ 29. Kd2 Nxf7 30. Bxe6 Rc6 31. Bxf7 Rxe1 32. Kxe1 b5 33. Kd2 {White has a
decisive material advantage, maintaining an acceptable coordination. The rest
is easy. Las blancas tienen ventaja material decisiva, manteniendo una
coordinación aceptable al mismo tiempo. El resto es fácil.} b4 34. Nc2 b3 35.
Nd4 Rb6 36. Kc1 a5 37. Bxd5 a4 38. Be5 b2+ 39. Kb1 a3 40. Ba2 Rb7 41. Bd6 Rd7
42. Nb5 1-0